000 01446cam a22003491 4500
999 _c39522
_d39522
001 2650960
003 ARRUPE
005 20170718125046.0
008 710201s1967 stkabc b 010 0 eng
010 _a 68079657
015 _aB67-20424
040 _aDLC
_cDLC
_dDLC
041 0 _aeng
_afre
_aita
050 0 0 _aB1925.E5
_bA4
082 0 0 _a194
245 0 4 _aThe Age of the enlightenment:
_bstudies presented to Theodore Besterman;
_cedited by W. H. Barber [and others]
260 _aEdinburgh,
_aLondon,
_bpublished for the University Court of the University of St. Andrews, by Oliver & Boyd,
_c1967.
300 _axii, 469 p.
_bfront. (port.), maps, tables.
_c23 cm.
490 1 _aSt. Andrews. University. Publications, no. 57
500 _aEditors: W. H. Barber, J. H. Brumfitt, R. A. Leigh, R. Shackleton and S. S. B. Taylor.
500 _aIncludes 1 essay in Italian, 9 in French.
504 _aBibliography: p. 431-460.
600 1 0 _aVoltaire,
_d1694-1778
_xPhilosophy.
_933192
600 1 0 _aBesterman, Theodore,
_d1904-1976
_vBibliography.
_933204
650 0 _aEnlightenment.
_933205
650 0 _aPhilosophy, French
_y18th century.
_933206
700 1 _aBesterman, Theodore,
_d1904-1976.
_933207
700 1 _aBarber, W. H.
_q(William Henry),
_eed.
_933208
710 2 _aUniversity of St. Andrews.
_bUniversity Court.
_933209
830 0 _aSt. Andrews University publications ;
_vno. 57.
_933210
906 _a7
_bcbc
_corignew
_du
_eopcn
_f19
_gy-gencatlg
942 _2lcc
_cMONOGRAPH